000 00949nam a2200217 i 4500
001 34140
003 ES-MaACL
005 20230906154900.0
007 t|
008 030204q1950 sp ||||1| spa d
100 1 _aBofarull y de Romañá, José Oriol de.
_929766
245 1 0 _aGrandeza y ocaso del Imperio de Bizancio y sus consecuencias internacionales
_b: ; Decadencia de Occidente ; El derrumbamiento europeo ; Los Estados Unidos de Europa /
_cconferenica que dió José Oriol de Bofarull y de Romañá.
260 _aMadrid :
_b[s.n.,
_c1950?] (
_fImp. Juan Pueyo)
300 _a61 p., 1 lám. ;
_c24 cm.
500 _aPrecede al tít.: Real Sociedad Económica Matritense de Amigos del País.
710 2 _aReal Academia Económica Matritense de Amigos del País.
_96335
740 0 _aDecadencia de Occidente.
740 3 _aEl derrumbamiento europeo.
740 4 _aLos Estados Unidos de Europa.
852 _aES-MaACL
_j1914-F-7
_bR.29907
999 _c34140
_d34140